Startformationen der Champions-League-Sieger ab 2020 - Statistiken

Allgemein
  • Dieses Quiz wurde 3.451 mal gespielt
    767 seit der letzten Aktualisierung
  • Das Durchschnittsergebnis liegt bei 60 aus 72
Antwortstatistiken
Jahr: Verein Position Nationalität Name
% Korrekt
2020: FC Bayern München TW GER Manuel Neuer
100%
2020: FC Bayern München V CAN Alphonso Davies
97%
2022: Real Madrid V AUT David Alaba
97%
2020: FC Bayern München V AUT David Alaba
97%
2020: FC Bayern München ST POL Robert Lewandowski
97%
2020: FC Bayern München V GER Joshua Kimmich
96%
2023: Manchester City ST NOR Erling Haaland
95%
2021: FC Chelsea V GER Antonio Rüdiger
94%
2024: Real Madrid V GER Antonio Rüdiger
94%
2020: FC Bayern München Trainer GER Hansi Flick
94%
2022: Real Madrid MF GER Toni Kroos
94%
2024: Real Madrid MF GER Toni Kroos
94%
2023: Manchester City TW BRA Ederson
93%
2020: FC Bayern München MF FRA Kingsley Coman
93%
2022: Real Madrid MF CRO Luka Modrić
93%
2020: FC Bayern München MF GER Thomas Müller
93%
2025: Paris Saint-Germain TW ITA Gianluigi Donnarumma
92%
2023: Manchester City MF GER İlkay Gündoğan
92%
2023: Manchester City Trainer ESP Pep Guardiola
92%
2022: Real Madrid ST BRA Vinícius Júnior
92%
2024: Real Madrid ST BRA Vinícius Júnior
92%
2022: Real Madrid Trainer ITA Carlo Ancelotti
91%
2024: Real Madrid Trainer ITA Carlo Ancelotti
91%
2020: FC Bayern München V GER Jérôme Boateng
91%
2021: FC Chelsea MF GER Kai Havertz
91%
2022: Real Madrid ST FRA Karim Benzema
91%
2023: Manchester City MF BEL Kevin De Bruyne
91%
2022: Real Madrid TW BEL Thibaut Courtois
91%
2024: Real Madrid TW BEL Thibaut Courtois
91%
2020: FC Bayern München MF GER Leon Goretzka
90%
2021: FC Chelsea Trainer GER Thomas Tuchel
90%
2021: FC Chelsea ST GER Timo Werner
90%
2020: FC Bayern München MF ESP Thiago
89%
2023: Manchester City V SUI Manuel Akanji
88%
2023: Manchester City MF ESP Rodri
88%
2020: FC Bayern München MF GER Serge Gnabry
88%
2023: Manchester City MF POR Bernardo Silva
87%
2022: Real Madrid ST URU Federico Valverde
87%
2024: Real Madrid MF URU Federico Valverde
87%
2025: Paris Saint-Germain ST FRA Ousmane Dembele
87%
2021: FC Chelsea V BRA Thiago Silva
87%
2024: Real Madrid MF ENG Jude Bellingham
86%
2021: FC Chelsea TW SEN Édouard Mendy
85%
2022: Real Madrid V FRA Ferland Mendy
85%
2024: Real Madrid V FRA Ferland Mendy
85%
2025: Paris Saint-Germain V MAR Achraf Hakimi
84%
2024: Real Madrid ST BRA Rodrygo
84%
2022: Real Madrid V ESP Dani Carvajal
83%
2024: Real Madrid V ESP Dani Carvajal
83%
2023: Manchester City V POR Rúben Dias
82%
2023: Manchester City V NED Nathan Aké
81%
2024: Real Madrid MF FRA Eduardo Camavinga
80%
2025: Paris Saint-Germain MF POR Vitinha
80%
2025: Paris Saint-Germain ST FRA Désiré Doué
79%
2022: Real Madrid MF BRA Casemiro
78%
2025: Paris Saint-Germain V BRA Marquinhos
77%
2021: FC Chelsea MF ITA Jorginho
76%
2022: Real Madrid V BRA Éder Militão
75%
2021: FC Chelsea MF FRA N'Golo Kanté
75%
2025: Paris Saint-Germain Trainer ESP Luis Enrique
74%
2025: Paris Saint-Germain V POR Nuno Mendes
74%
2025: Paris Saint-Germain MF ESP Fabián Ruiz
69%
2025: Paris Saint-Germain MF POR João Neves
67%
2025: Paris Saint-Germain V ECU Willian Pacho
67%
2025: Paris Saint-Germain ST GEO Chwitscha Kwarazchelia
65%
2021: FC Chelsea V ENG Reece James
61%
2023: Manchester City MF ENG Jack Grealish
57%
2021: FC Chelsea V ESP César Azpilicueta
56%
2023: Manchester City MF ENG John Stones
54%
2024: Real Madrid V ESP Nacho
54%
2021: FC Chelsea MF ENG Mason Mount
51%
2021: FC Chelsea V ENG Ben Chilwell
45%
Keine übereinstimmenden Quizze gefunden
Verteilung der Resultate
Anzahl Personen mit jedem Resultat
Perzentil nach korrekt beantworteten Fragen
Ihre Resultats-Entwicklung
Sie haben dieses Quiz seit der letzten Aktualisierung nicht gespielt